World Capital Cities that begin with the Same letter as their Country? - Statistics

General Stats
  • This quiz has been taken 2,152 times
    1,881 since last reset
  • The average score is 37 of 56
Answer Stats
Hint Answer % Correct
N. America Mexico
91%
Europe Andorra
87%
S.America Brazil
87%
Mexico City
86%
N. America Panama
86%
Brasilia
85%
N.America Guatemala
84%
Europe Vatican
84%
Europe Monaco
82%
Monaco
82%
Stockholm
82%
Europe Sweden
82%
Europe Luxembourg
81%
Luxembourg
81%
Panama City
81%
Europe San Marino
81%
San Marino
81%
Europe Belgium
79%
Andorra la Vella
78%
Brussels
78%
Guatemala City
78%
Vatican City
76%
Africa Algeria
74%
Algiers
71%
N. America Belize
70%
Africa Tunis
70%
Tunisia
67%
Asia Kuwait
66%
Asia Singapore
66%
Singapore
66%
S.America Guyana
65%
Seoul
63%
Asia South Korea
63%
Kuwait City
62%
Belmopan
60%
Georgetown
60%
Africa Djibouti
57%
Djibouti
57%
Oceania Papua New Guinea
53%
Asia Taiwan
53%
Taipei
52%
N. America Barbados
51%
Port Moresby
50%
Africa Niger
49%
Bridgetown
46%
Asia Brunei
46%
Sao Tome
45%
Asia Maldives
44%
Oceania Marshall Islands
44%
Africa Mozambique
43%
Male
42%
Maputo
41%
Niamey
41%
Bandar
39%
Africa Sao Tome and Principe
38%
Majuro
35%
No matching quizzes found
Score Distribution
Percent of People with Each Score
Percentile by Number Answered
Your Score History
You have not taken this quiz since the last reset